000 00668nam a2200217Ia 4500
005 20241129105836.0
008 241129s9999||||xx |||||||||||||| ||und||
020 _a81-8223-028-4
037 _aTB
040 _aARTS
_beng
_cARTS
041 _aeng
_2urd
084 _aO168,3N27w P9
_qARTS
100 _aHaidar Qurratul Ain Au.; Farrakhi Asif Aslam Ed.
_9726479
245 0 _aDastan-e-ahde gul
_cHaidar Qurratul Ain Au.; Farrakhi Asif Aslam Ed.
260 _aDelhi, India
_bEducational Publishing House
_c1995
300 _a345p.
365 _aINR
_b350
650 _aUrud Fiction
_9726480
942 _cTB
_hO168,3N27w P9
999 _c1226234
_d1226234